| 000 | 00631nam a22002057a 4500 | ||
|---|---|---|---|
| 003 | 0 | ||
| 005 | 20251107155300.0 | ||
| 008 | 251107b xxu||||| |||| 00| 0 eng d | ||
| 020 | _a0-7553-0739-9 | ||
| 050 |
_aPS 3561.E3865 _b.K45 2004 |
||
| 100 |
_aKellerman, Jonathan, _eauthor. |
||
| 245 |
_aTwisted / _cJonathan Kellerman. |
||
| 260 |
_aLondon : _bHeadline Book Publishing, _c2004. |
||
| 300 |
_a531 pages ; _c18 cm. |
||
| 650 | _aDetective and mystery fiction. | ||
| 650 |
_aWomen detectives _xFiction. |
||
| 650 |
_aLos Angeles (Calif.) _xFiction. |
||
| 650 |
_aPolice _zCalifornia _zLos Angeles _xFiction. |
||
| 942 |
_2lcc _cBK |
||
| 999 |
_c368512 _d368512 |
||